Regulátor požiadal SPP o viac údajov

Úrad pre reguláciu sieťových odvetví (ÚRSO) prerušil konanie o návrhu SPP na zvýšenie cien zemného plynu pre domácnosti od októbra 2005 o 22 percent. Podľa regulátora podnik svoj návrh dostatočne nezdokladoval. Zvýšenie cien plynu je podľa SPP dôsledkom vývoja ceny ropy a kurzu dolára v prvom polrok...

Celý popis

Uložené v:
Podrobná bibliografia
Médium: Kapitola
Jazyk:Slovak
Predmet:
Tagy: Pridať tag
Žiadne tagy, Buďte prvý, kto otaguje tento záznam!

MARC

LEADER 00000naa$a2200000$$$4500
001 0032324
005 20231009081549.2
041 0 |a slo 
044 |a SK 
245 1 0 |a Regulátor požiadal SPP o viac údajov 
520 |a Úrad pre reguláciu sieťových odvetví (ÚRSO) prerušil konanie o návrhu SPP na zvýšenie cien zemného plynu pre domácnosti od októbra 2005 o 22 percent. Podľa regulátora podnik svoj návrh dostatočne nezdokladoval. Zvýšenie cien plynu je podľa SPP dôsledkom vývoja ceny ropy a kurzu dolára v prvom polroku. K ďalšiemu zvyšovaniu cien plynu môže dôjsť od januára 2006. 
610 2 0 |a plyn zemný 
610 2 0 |a zvyšovanie cien 
610 2 0 |a domácnosti 
610 2 0 |a ropa 
610 2 0 |a dolár 
610 2 0 |a kurz menový